<?xml version="1.0" encoding="UTF-8"?>
<marc:record xmlns:marc="http://www.loc.gov/MARC21/slim">
   <marc:leader>00000nam a2200000 a 4500</marc:leader>
   <marc:datafield ind1=" " ind2=" " tag="653">
      <marc:subfield code="a">Abenteuer</marc:subfield>
   </marc:datafield>
   <marc:datafield ind1=" " ind2=" " tag="653">
      <marc:subfield code="a">Tiere</marc:subfield>
   </marc:datafield>
   <marc:datafield ind1=" " ind2=" " tag="653">
      <marc:subfield code="a">Tonies</marc:subfield>
   </marc:datafield>
   <marc:datafield ind1="0" ind2="0" tag="245">
      <marc:subfield code="a">Freundschaftsgeschichten</marc:subfield>
   </marc:datafield>
   <marc:datafield ind1="0" ind2="0" tag="245">
      <marc:subfield code="b">Nie mehr ohne Vicky</marc:subfield>
   </marc:datafield>
   <marc:datafield ind1=" " ind2="1" tag="264">
      <marc:subfield code="a">Köln</marc:subfield>
      <marc:subfield code="b">Ueberreuter</marc:subfield>
      <marc:subfield code="c">2006</marc:subfield>
   </marc:datafield>
   <marc:datafield ind1="1" ind2=" " tag="490">
      <marc:subfield code="a">Benjamin Blümchen</marc:subfield>
   </marc:datafield>
   <marc:datafield ind1="1" ind2=" " tag="520">
      <marc:subfield code="a">Am liebsten erleben Kosmo &amp; Klax ihre Abenteuer gemeinsam mit ihren Freunden: Herrn Mümmelmann, Frau Gans, Knabba, Lilli Graumaus und Bibo Biber. Denn zusammen macht alles viel mehr Spaß: Ob sie ein großes Frühlingsrennen veranstalten, Verstecken spielen oder einem Gespenst begegnen - die Freunde aus dem verwunschenen Park sind immer füreinander da. 1. Das Kosmo &amp; Klax Lied 2. Das große Frühlingsrennen 3. Der Schlammmeister 4. Wo bist du? 5. Der weltbeste Rikscha-Fahrer 6. Der Große Rollmops 7. Doktor Hasenzahn 8. Spielverderber 9. Ein unheimlicher Gast 10. Geisterstunde</marc:subfield>
   </marc:datafield>
</marc:record>
